000 00374 a2200169 4500
001 70473
020 _a9788576357216
040 _cAnchieta - Itaigara
100 _aDansa, Lecticia
240 1 0 _aPinóquio
_lpor
245 1 0 _aPinóquio
300 _a60
362 0 _a2010
440 1 _aLarousse do Brasil
650 4 _aUso de outros meios de informação
942 _cBK
999 _c70473
_d70473